LEADER 01096nam0 22002771i 450 001 SUN0019149 005 20050301120000.0 100 $a20040707d1993 |0itac50 ba 101 $aita 102 $aIT 105 $a|||| ||||| 200 1 $aˆUna ‰normale solitudine$epercorsi teorici e strumenti operativi della comunità per minori$fFrancesca Emiliani, Paola Bastianoni 210 $aRoma$cNIS$d1993 215 $a190 p.$d24 cm. 606 $aFanciulli$xAssistenza sociale$2FI$3SUNC009421 620 $dRoma$3SUNL000360 676 $a362.73$v21 700 1$aEmiliani$b, Francesca$3SUNV013561$0170651 701 1$aBastianoni$b, Paola$3SUNV015303$0526788 712 $aNIS$3SUNV000143$4650 801 $aIT$bSOL$c20181109$gRICA 912 $aSUN0019149 950 $aUFFICIO DI BIBLIOTECA DEL DIPARTIMENTO DI PSICOLOGIA$d16 CONS 1243 $e16 VS 2565 995 $aUFFICIO DI BIBLIOTECA DEL DIPARTIMENTO DI PSICOLOGIA$bIT-CE0119$gVS$h2565$kCONS 1243$oc$qa 996 $aNormale solitudine$91206101 997 $aUNICAMPANIA LEADER 02017nam 22005414a 450 001 9910782370003321 005 20230721033023.0 010 $a0-8070-4438-5 035 $a(CKB)1000000000541975 035 $a(EBL)3117996 035 $a(SSID)ssj0000159113 035 $a(PQKBManifestationID)11151744 035 $a(PQKBTitleCode)TC0000159113 035 $a(PQKBWorkID)10150208 035 $a(PQKB)10599712 035 $a(MiAaPQ)EBC3117996 035 $a(Au-PeEL)EBL3117996 035 $a(CaPaEBR)ebr10256066 035 $a(OCoLC)922967952 035 $a(EXLCZ)991000000000541975 100 $a20070202d2007 uy 0 101 0 $aeng 135 $aur|n|---||||| 181 $ctxt 182 $cc 183 $acr 200 10$aFrom the Palmer Raids to the Patriot Act$b[electronic resource] $ea history of the fight for free speech in America /$fChristopher M. Finan 210 $aBoston, Mass. $cBeacon Press$dc2007 215 $a1 online resource (361 p.) 300 $aDescription based upon print version of record. 311 $a0-8070-4429-6 311 $a0-8070-4428-8 320 $aIncludes bibliographical references (p. 310-325) and index. 327 $aGround zero -- Mob rule, 1921-1930 -- Banned in Boston -- The court takes a hand -- The second Red scare -- The fight for artistic freedom, 1945-1966 -- Let the sunshine in -- The counterattack, 1970-2002 -- 9/11. 330 $aPresents a comprehensive history of the evolution of free speech in America over the last century. 606 $aFreedom of speech$zUnited States$xHistory 606 $aFreedom of speech$zUnited States$xHistory$2sears 615 0$aFreedom of speech$xHistory. 615 7$aFreedom of speech$xHistory. 676 $a342.7308 700 $aFinan$b Christopher M.$f1953-$01545543 801 0$bMiAaPQ 801 1$bMiAaPQ 801 2$bMiAaPQ 906 $aBOOK 912 $a9910782370003321 996 $aFrom the Palmer Raids to the Patriot Act$93800518 997 $aUNINA